| 000 | 00383nam a2200133Ia 4500 | ||
|---|---|---|---|
| 005 | 20260326100040.0 | ||
| 008 | 260326s9999||||xx |||||||||||||| ||und|| | ||
| 100 | _aZapatero, Juan Manuel | ||
| 245 | 0 |
_aHistoria de las fortificaciones de Cartagena de Indias / _cJuan Manuel Zapatero |
|
| 260 | _bCultura Hispánica | ||
| 300 | _a204 p. | ||
| 650 | _aARQUITECTURA COLONIAL | ||
| 942 | _cBK | ||
| 999 |
_c6985 _d6985 |
||